কিশোর ক্ল্যাসিক : (Record no. 13903)
[ view plain ]
| 000 -LEADER | |
|---|---|
| fixed length control field | 00805nam a2200241 a 4500 |
| 001 - CONTROL NUMBER | |
| JCCL Control Number | 13903 |
| 003 - CONTROL NUMBER IDENTIFIER | |
| JCCL marc code | BD-JhCC |
| 005 - DATE AND TIME OF LATEST TRANSACTION | |
| control field | 20240514102547.0 |
| 008 - FIXED-LENGTH DATA ELEMENTS--GENERAL INFORMATION | |
| fixed length control field | 240514b2016 ||| |||| ||a| 000 0 b d |
| 020 ## - INTERNATIONAL STANDARD BOOK NUMBER | |
| International Standard Book Number | 9789849080862 |
| 035 ## - SYSTEM CONTROL NUMBER | |
| system control number | (BD-JhCC)13903 |
| 040 ## - CATALOGING SOURCE | |
| Original cataloging agency | BD-JhCC |
| Modifying agency | BD-JhCC |
| 041 ## - LANGUAGE CODE | |
| Language code of Book | bengali |
| 082 ## - DEWEY DECIMAL CLASSIFICATION NUMBER | |
| Classification number | 823.92 |
| Author mark and Year | LON 2016 |
| 100 ## - MAIN ENTRY--PERSONAL NAME | |
| Personal name | লন্ডন , জ্যাক |
| 245 ## - TITLE STATEMENT | |
| Title | কিশোর ক্ল্যাসিক : |
| Remainder of title | হোয়াইট ফ্যাঙ / |
| Statement of responsibility, etc | জ্যাক লন্ডন , অনু: জাকির শামীম। |
| 260 ## - PUBLICATION, DISTRIBUTION, ETC. (IMPRINT) | |
| Place of publication, distribution, etc | ঢাকা: |
| Name of publisher, distributor, etc | সমতট; |
| Date of publication, distribution, etc | 2016. |
| 300 ## - PHYSICAL DESCRIPTION | |
| Pagination | 160 p. : |
| Dimensions | 22 cm. |
| 650 ## - SUBJECT ADDED ENTRY--TOPICAL TERM | |
| Topical term or geographic name as entry element | Mystery, |
| Form subdivision | Detective, |
| Geographic subdivision | Thriller and Adventure |
| 700 ## - ADDED ENTRY--PERSONAL NAME | |
| Personal name | শামীম,জাকির |
| 942 ## - ADDED ENTRY ELEMENTS (KOHA) | |
| Source of classification or shelving scheme | Dewey Decimal Classification |
| Koha item type | Books |
| Source of classification or shelving scheme | Damaged status | Not for loan | Home library | Current library | Shelving location | Date of accession | Cost, normal purchase price | Total Checkouts | Full call number | Barcode | Date last seen | Date checked out | Copy number | Method of acquisition | Koha item type | Currency |
|---|---|---|---|---|---|---|---|---|---|---|---|---|---|---|---|---|
| Dewey Decimal Classification | JCC Rouf Library | JCC Rouf Library | General Stacks | 225.00 | 3 | 823.92 LON 2016 | 19402 | 09/02/2025 | 07/15/2025 | C-1 | Purchase | Books | BDT |